Statistiques concernant Vocabulaire anglais : transports et mécanique

Cliquez ici pour prendre le quiz!

Statistiques générales

  • Ce quiz a été pris 49 fois
  • Le résultat moyen est 9 sur 40

Statistiques - réponses

FrançaisHintRéponse% Correct
Pneu (UK)T____________Tyre
69%
Camion (UK)L____________Lorry
55%
Dépasser/doublerO____________Overtake
41%
CarrefourC____________Crossroads
34%
PharesH____________Headlights
34%
ClignotantsI_____________Indicators
34%
Pare-briseW____________Windscreen
34%
Tomber en panneB____________Break down
31%
Pédale d'embrayageC____________Clutch pedal
31%
VTTM____________Mountain bike
31%
NavetteS____________Shuttle
31%
Chariot élévateurF____________Forklift
28%
CrevaisonP____________Puncture
28%
Capot (UK)B____________Bonnet
24%
CricJ____________Jack
24%
VirageB___________Bend
21%
MontgolfièreH____________Hot air balloon
21%
MobyletteM___________Moped
21%
AmortisseursS____________Shock absorbers
21%
PéageT____________Toll
21%
Essuie-glaceW____________Windscreen wiper
21%
CarrosserieB____________Bodywork
17%
Soucoupe volanteF____________Flying saucer
17%
GouvernailH____________Helm
17%
Voiture de locationH____________Hire car
17%
Coffre (UK)B____________Boot
14%
GuidonH____________Handlebars
14%
Clé de contactI_____________Ignition key
14%
MâtM____________Mast
14%
BougiesS____________Spark plugs
14%
Appuie-têteH___________Headrest
10%
HublotP____________Porthole
10%
Composter un billetP____________Punch a ticket
10%
Tenue de la routeR____________Roadholding
10%
SelleS____________Saddle
10%
AlcootestB____________Breathalyser
7%
Frais d'entretienM____________Maintenance costs
7%
DirigeableA____________Airship
3%
AmarrageM____________Mooring
3%
ChalutierT____________Trawler
3%

Distribution des résultats

Percentile par nombre de réponses

% des personnes avec chaque résultat

Votre développement - résultats

Vous n’avez pas pris ce quiz